'A' in Shakespeare Quiz Stats

Quiz Updated Apr 13, 2016

Challenge
Share
Tweet
Embed
Score 0/18 Timer 05:00
0 Plays Today
Hint Answer % Correct
Greek city-state, home to Theseus, Timon, and HermiaAthens
85%
Cleopatra commits suicide with the poison of this snakeasp
81.3%
Speaker at Caesar's funeral who later becomes the hero of his own playAntony
79.5%
Ill-fated nephew of King John, who shares his name with a legendary British kingArthur
68.5%
Play featuring Touchstone, Rosalind, and Jaques...As You Like It
66.7%
Profession of the man who sells poison to Romeoapothecary
60.5%
'Airy spirit' in The TempestAriel
57.3%
Battle fought by Henry VAgincourt
54.9%
The name of the merchant of Venice -- and four other charactersAntonio
49.1%
Hint Answer % Correct
Play whose heroine cures the king of a disease and follows her wayward husband to FlorenceAll's Well that Ends Well
48.9%
... and the forest where it takes placeArden
47.7%
Youth loved by Venus in one of Shakespeare's poemsAdonis
43.5%
Foolish friend of Sir Toby BelchSir Andrew Aguecheek
35.9%
Merry Wives of Windsor heroineAnne Page
32.5%
Commander of the Greek army in Troilus and CressidaAgamemnon
23.1%
Villainous Moor in Titus AndronicusAaron
18.5%
Name given to lookalike twins in The Comedy of ErrorsAntipholus
11.4%
Wicked deputy in Measure for MeasureAngelo
11.3%

You're not logged in!

Compare scores with friends on all Sporcle quizzes.
Join for Free
OR
Log In

You Might Also Like...

Show Comments

Extras

Top Quizzes Today


Score Distribution

Your Account Isn't Verified!

In order to create a playlist on Sporcle, you need to verify the email address you used during registration. Go to your Sporcle Settings to finish the process.

Report this User

Report this user for behavior that violates our Community Guidelines.

Details: